000 00957nas a2200313 4500
001 BR0707078
003 BR-BrBNA
005 20231205111344.0
007 ta
008 230509b bl.|||p| |||| 00| 00por d
040 _aBR-BrBNA
_bpor
_cBiblioteca Nacional de Agricultura
041 _a(Pt)
072 _aL40
100 1 _aMachado, G.V.
100 1 _aBirck, A.J.
100 1 _aSouza, J.R.
111 1 _a8. Jornada de Medicina Veterinária da UNIPAR
_cUmuarama, PR
_d1-4 Sep 2003
245 1 _aAusência de tronco celíaco no Tamanduá-mirim (Tamandua tetraductyla)
650 _aTAMANDUÁ
650 _aARTÉRIA
650 _aESTÔMAGO
650 _aFÍGADO
650 _aBAÇO
650 _aPÂNCREAS
650 _aESÔFAGO
773 0 _tArquivos de Ciências Veterinárias e Zoologia da UNIPAR (Brazil)
_xISSN 1415-8167
_g(Jul-Dec 2003), v. 6(2) p. 165
_wBR0707078
909 _a202311
_bLúcia
_c55
_dLúcia Elande
942 _2AGRIS
_n0
_cANA
999 _c192234
_d192234